000 00751cam a2200205 4500
001 WB3634-15
008 000000n2000 000 0 eng u
035 _a(Sirsi) u108026
245 _aBritons fear for countryside
260 _c2000
490 _aDaily Telegraph
_v28 August 2000, 1 & 5(2)
520 _aA gallup survey shows that 70% of Britons would choose to live in the country rather than towns or cities. However, people believe that pollution, pesticides, building developments and traffic congestion pose a threat to the countryside. Table.
590 _aWB
650 _aCOUNTRYSIDE
650 _aURBANISATION
650 _aPRESERVATION
650 _aRURAL AREAS
690 _aENVIRONMENTAL AND LAND CONSULTANCY
942 _n0
999 _c64540
_d64540